Violet the painting fairy / (Record no. 779)

MARC details
000 -LEADER
fixed length control field 02355nam a22005657a 4500
005 - DATE AND TIME OF LATEST TRANSACTION
control field 20230707133904.0
020 ## - INTERNATIONAL STANDARD BOOK NUMBER
International Standard Book Number 9780545708333 (pbk.)
020 ## - INTERNATIONAL STANDARD BOOK NUMBER
International Standard Book Number 0545708338 (pbk.)
020 ## - INTERNATIONAL STANDARD BOOK NUMBER
International Standard Book Number 9780545724135 (hbk.)
020 ## - INTERNATIONAL STANDARD BOOK NUMBER
International Standard Book Number 0545724139 (hbk.)
020 ## - INTERNATIONAL STANDARD BOOK NUMBER
International Standard Book Number 9781480672550 (Paw Prints)
020 ## - INTERNATIONAL STANDARD BOOK NUMBER
International Standard Book Number 1480672556 (Paw Prints)
040 ## - CATALOGING SOURCE
Original cataloging agency BTCTA
Language of cataloging eng
Transcribing agency BTCTA
Description conventions rda
Modifying agency GK5
-- OCLCO
-- CZA
-- HBP
-- BKL
-- OCP
-- JTH
-- IHI
-- OCLCF
-- UPZ
-- DAD
-- EHH
-- OCL
-- OCLCO
-- YDXCP
-- BDX
-- DLC
050 00 - LIBRARY OF CONGRESS CALL NUMBER
Classification number PZ7.M507
Item number Vk 2015
082 04 - DEWEY DECIMAL CLASSIFICATION NUMBER
Classification number [Fic]
Edition number 23
100 1# - MAIN ENTRY--PERSONAL NAME
Personal name Meadows, Daisy,
Relator term author.
245 10 - TITLE STATEMENT
Title Violet the painting fairy /
Statement of responsibility, etc. by Daisy Meadows.
260 ## - PUBLICATION, DISTRIBUTION, ETC.
Place of publication, distribution, etc. London :
Name of publisher, distributor, etc. Orchard ,
Date of publication, distribution, etc. 2014.
300 ## - PHYSICAL DESCRIPTION
Extent 73 pages :
Other physical details illustrations, map ;
Dimensions 20 cm.
490 1# - SERIES STATEMENT
Series statement Rainbow magic. The magical crafts fairies ;
Volume/sequential designation Book 5
500 ## - GENERAL NOTE
General note Contains excerpt of the next adventure Rainbow magic, The magical crafts fairies "Libby the writing fairy!"
505 ## - FORMATTED CONTENTS NOTE
Formatted contents note S <br/>
520 ## - SUMMARY, ETC.
Summary, etc. Violet the painting fairy needs Rachel and Kirsty's help to find her missing paintbrush in order to help keep Rainspell Island's Arts and Crafts Week on schedule.
521 2# - TARGET AUDIENCE NOTE
Target audience note 790 <br/>
Source Lexile <br/>
521 0# - TARGET AUDIENCE NOTE
Target audience note S <br/>
Source Raz-Plus
650 #0 - SUBJECT ADDED ENTRY--TOPICAL TERM
Topical term or geographic name entry element Tate, Kirsty (Fictitious character)
Form subdivision Juvenile fiction.
650 #0 - SUBJECT ADDED ENTRY--TOPICAL TERM
Topical term or geographic name entry element Walker, Rachel (Fictitious character)
Form subdivision Juvenile fiction.
650 #0 - SUBJECT ADDED ENTRY--TOPICAL TERM
Topical term or geographic name entry element Fairies
Form subdivision Juvenile fiction.
650 #0 - SUBJECT ADDED ENTRY--TOPICAL TERM
Topical term or geographic name entry element Twins
Form subdivision Juvenile fiction.
650 #0 - SUBJECT ADDED ENTRY--TOPICAL TERM
Topical term or geographic name entry element Magic
Form subdivision Juvenile fiction.
650 #0 - SUBJECT ADDED ENTRY--TOPICAL TERM
Topical term or geographic name entry element Painting
Form subdivision Juvenile fiction.
650 #1 - SUBJECT ADDED ENTRY--TOPICAL TERM
Topical term or geographic name entry element Tate, Kirsty (Fictitious character)
Form subdivision Fiction.
650 #1 - SUBJECT ADDED ENTRY--TOPICAL TERM
Topical term or geographic name entry element Walker, Rachel (Fictitious character)
Form subdivision Fiction.
650 #1 - SUBJECT ADDED ENTRY--TOPICAL TERM
Topical term or geographic name entry element Fairies
Form subdivision Fiction.
650 #1 - SUBJECT ADDED ENTRY--TOPICAL TERM
Topical term or geographic name entry element Twins
Form subdivision Fiction.
650 #1 - SUBJECT ADDED ENTRY--TOPICAL TERM
Topical term or geographic name entry element Magic
Form subdivision Fiction.
650 #1 - SUBJECT ADDED ENTRY--TOPICAL TERM
Topical term or geographic name entry element Painting
Form subdivision Fiction.
650 #7 - SUBJECT ADDED ENTRY--TOPICAL TERM
Topical term or geographic name entry element Fairies.
Source of heading or term fast
Authority record control number or standard number (OCoLC)fst00919878
650 #7 - SUBJECT ADDED ENTRY--TOPICAL TERM
Topical term or geographic name entry element Magic.
Source of heading or term fast
Authority record control number or standard number (OCoLC)fst01005468
650 #7 - SUBJECT ADDED ENTRY--TOPICAL TERM
Topical term or geographic name entry element Painting.
Source of heading or term fast
Authority record control number or standard number (OCoLC)fst01050567
650 #7 - SUBJECT ADDED ENTRY--TOPICAL TERM
Topical term or geographic name entry element Tate, Kirsty (Fictitious character)
Source of heading or term fast
Authority record control number or standard number (OCoLC)fst01748294
650 #7 - SUBJECT ADDED ENTRY--TOPICAL TERM
Topical term or geographic name entry element Twins.
Source of heading or term fast
Authority record control number or standard number (OCoLC)fst01159851
650 #7 - SUBJECT ADDED ENTRY--TOPICAL TERM
Topical term or geographic name entry element Walker, Rachel (Fictitious character)
Source of heading or term fast
Authority record control number or standard number (OCoLC)fst01748295
655 #7 - INDEX TERM--GENRE/FORM
Genre/form data or focus term Fiction.
Source of term fast
Authority record control number or standard number (OCoLC)fst01423787
655 #7 - INDEX TERM--GENRE/FORM
Genre/form data or focus term Juvenile works.
Source of term fast
Authority record control number or standard number (OCoLC)fst01411637
906 ## - LOCAL DATA ELEMENT F, LDF (RLIN)
a 7
b cbc
c copycat
d 2
e ncip
f 20
g y-gencatlg
942 ## - ADDED ENTRY ELEMENTS (KOHA)
Source of classification or shelving scheme Dewey Decimal Classification
Koha item type Books
Suppress in OPAC No
999 ## -
-- 779
-- 779
Holdings
Withdrawn status Lost status Source of classification or shelving scheme Damaged status Not for loan Collection Home library Current library Shelving location Date acquired Total Checkouts Full call number Barcode Date last seen Price effective from Koha item type
    Dewey Decimal Classification     Fiction Footprints International School Library Network Toul Kork Campus Footprints International School Library Network Toul Kork Campus A TK Campus, 4th Floor, Room B401, Fiction Bookcases (1-6) 07/07/2023   MEA Fic 823.92 PZ7.M507 FISTK00276 07/07/2023 07/07/2023 Books